- Bawin-Legros, Bernadette
Entry Nombre Personal
001 - NUMERO DE CONTROL
- campo de control: 47520
003 - IDENTIFICADOR DE NUMERO DE CONTROL
- campo de control: DLC
005 - FECHA Y HORA DE LA ÜLTIMA TRANSACCIÓN
- campo de control: 20221201130650.0
008 - DATOS DE LONGITUD FIJA
- campo de control de longitud fija: 790118n| acannaabn |a aaa
010 ## - NÚMERO DE CONTROL DE LA BIBLIOTECA DEL CONGRESO
- Número de control LC: n 78097947
035 ## - NUMERO DE CONTROL
- Número de control: (OCoLC)oca00232919
040 ## - FUENTE DE CATALOGACIÓN
- Agencia original de catalogación: DLC
- Lenguaje de catalogación: spa
- Agencia de transcripción: DLC
- Agencia que lo modifica: DLC
- Agencia que lo modifica: CLU
- Agencia que lo modifica: DLC
- Agencia que lo modifica: OCoLC
- Agencia que lo modifica: MX-MxUPN
100 1# - ENCABEZAMIENTO - NOMBRE PERSONAL
- Nombre personal: Bawin-Legros, Bernadette
400 1# - VEÁSE - NOMBRE DE PERSONA
- Personal name: Bawin, B.
- Fuller form of name: (Bernadette)
400 1# - VEÁSE - NOMBRE DE PERSONA
- Control subfield: nne
- Personal name: Legros-Bawin, Bernadette
400 1# - VEÁSE - NOMBRE DE PERSONA
- Personal name: Legros, Bernadette Bawin-
670 ## - FUENTE EN LA QUE SE LOCALIZARON DATOS
- Cita de la fuente: Les sondages en question, c1977:
- Información localizada: portada (Bernadette Legros-Bawin) cubierta (B. Legros-Bawin) contracubierta (Université de Liège; especialista en sociología)
670 ## - FUENTE EN LA QUE SE LOCALIZARON DATOS
- Cita de la fuente: Association des sociologues belges de langue française. Colloque (1984 : Liège, Belgium) La crise dans tous ses états, c1985:
- Información localizada: portada (B. Bawin) página 11 (Bernadette Bawin, président de l'Association des sociologues belges de langue française)
670 ## - FUENTE EN LA QUE SE LOCALIZARON DATOS
- Cita de la fuente: Familles, mariage, divorce, 1988:
- Información localizada: portada (Bernadette Bawin-Legros)
670 ## - FUENTE EN LA QUE SE LOCALIZARON DATOS
- Cita de la fuente: Introducción a la sociología, 2004:
- Información localizada: portada (Bernadette Bawin-Legros)
902 ## - CATALOGADOR
- Catalogador: Víctor Ruiz/011222
